000 00514nam a22002057a 4500
003 OSt
005 20231002115751.0
008 160302b xxu||||| |||| 00| 0 eng d
020 _a0333465571
040 _c040a
082 _a301 O'DO 1988
100 _aO'Donnell, Gerald
_96814
245 _aMastering Sociology
250 _a2nd.ed
260 _aLondon;
_bMacmillan Education,
_c1988
300 _axvii, 371p;
_bill :
_c12 cm.
504 _aIncludes index
650 _aSociology
_92259
942 _2ddc
_cSLOAN
999 _c3155
_d3155